| 000 | 00425nam a2200121 a 4500 | ||
|---|---|---|---|
| 008 | 120416s1969 xx |||||||||||||| || u | ||
| 050 | _aTS 205 Rad | ||
| 100 | _aRadford, John Dennis | ||
| 245 | 1 | 0 | _aProduction engineering technology |
| 260 | _c1969 | ||
| 350 | _a0.00 | ||
| 995 |
_D0.00 _FCBU-MAIN LIBRARY (Kitwe) _H1 _I3.95 _M1 _UAVAILABLE _ZMain Library Open Access Collection |
||
| 999 |
_c54894 _d54894 |
||